000 00951nam a22002897a 4500
003 CHAP
005 20220329140949.0
008 971013s1961 r 00010 d
010 _a60561
011 _a61533
035 _a65699
040 _cCHAP
082 _a381.0972
_bM49 1956
110 _aMéxico. Dirección General de Estadística
_976986
245 _aCenso comercial y de servicios (3o.), 1956 : información censal 1955
260 _aMéxico, D.F. :
_bLa Dirección,
_c1961-
300 _av.
500 _aLa biblioteca tiene: Resumen general
590 _aBATCH-UPD
_b10
_c20130110
_lUCH01
_h1556
590 _aBATCH-UPD
_b10
_c20130410
_lUCH01
_h0953
590 _aBATCH-UPD
_b10
_c20130914
_lUCH01
_h1013
590 _aCONVERSION
_b10
_c20130109
_lUCH01
_h1333
650 1 4 _aComercio
_xEstadísticas
_zMéxico.
_925589
901 _aBK
942 _cLIBRO
949 _a381.0972 M49 1956
_bBC
_cLIBRO
_d33724000515243
_eLIBRO
_h8969
_i65699
_si
999 _c60561
_d60561